| 000 | 00612nam a2200217Ia 4500 | ||
|---|---|---|---|
| 001 | b618-24005 [2826] | ||
| 003 | IT-MiCISF | ||
| 008 | 161014s9999||||xx |||||||||||||| ||und|| | ||
| 040 |
_aIT-MiCISF _cIT-MiCISF |
||
| 041 | _aen | ||
| 100 | _aVidyasagara Isvarachandra | ||
| 240 | _aMarriage of Hindu Widows | ||
| 245 | 0 | _aMarriage of Hindu Widows | |
| 250 | _a1a ed. | ||
| 260 |
_a Calcutta _bK.P. Bagchi & Company _c1976 |
||
| 300 | _app. 144 | ||
| 500 | _a / matrimonio, stratificazione-sociale, lutto, vedovanza, nuove-nozze / | ||
| 650 | _amatrimonio | ||
| 942 | _cBK | ||
| 957 | _71 | ||
| 999 |
_a24005 _bsi _g1 _c210887 _d210887 |
||